[Event "Speed Chess GP4 2021"]
[Site "chess.com INT"]
[Date "2021.10.09"]
[Round "4"]
[White "Wagner,De"]
[Black "Nakamura,Hi"]
[Result "0-1"]
[WhiteElo "2576"]
[BlackElo "2736"]

1.d4 Nf6 2.Nf3 g6 3.Bf4 d6 4.e3 c5 5.c3 Qb6 6.Qb3 Be6 7.Qxb6 axb6 8.a3 Nh5
9.Bg5 h6 10.Bh4 g5 11.Bg3 Bg7 12.Nbd2 Nd7 13.Bc4 Bxc4 14.Nxc4 b5 15.Ncd2 Nb6
16.O-O Na4 17.Rab1 f5 18.dxc5 Nxg3 19.hxg3 dxc5 20.e4 O-O-O 21.Rfd1 Rd7 22.exf5 Rhd8
23.g4 h5 24.gxh5 g4 25.Re1 gxf3 26.Nxf3 Bf6 27.g4 Rg8 28.Re4 c4 29.g5 Rd5
30.Kf1 Rxf5 31.gxf6 Rxf3 32.fxe7 Re8 33.Re5 Kc7 34.Rd1 Nxb2 35.Rdd5 Nd3 36.Re6 Rxf2+
37.Kg1 Rf7 38.h6 Rg8+  0-1

[Event "Speed Chess GP4 2021"]
[Site "chess.com INT"]
[Date "2021.10.09"]
[Round "5"]
[White "Nakamura,Hi"]
[Black "Lysyj,I"]
[Result "1-0"]
[WhiteElo "2736"]
[BlackElo "2603"]

1.Nf3 Nf6 2.b3 e6 3.Bb2 Be7 4.g4 O-O 5.g5 Ne8 6.h4 b6 7.c4 Bb7 8.Nc3 d5 9.cxd5 exd5
10.d4 c5 11.e3 Nc6 12.Bg2 Nc7 13.dxc5 bxc5 14.O-O Qd7 15.Ne2 Rfd8 16.Ng3 Ne6
17.Nh5 d4 18.exd4 Ncxd4 19.Bxd4 cxd4 20.Ne5 Qc7 21.Bxb7 Qxb7 22.Nd3 Qe4 23.f4 Qf5
24.Ng3 Qh3 25.Qf3 Nc5 26.Nf2 Qd7 27.Rad1 d3 28.b4 Na4 29.Rxd3 Qb5 30.a3 a5
31.Re1 Bf8 32.Rxd8 Rxd8 33.Re5 Qc4 34.Rxa5 Nc3 35.Kg2 Nd5 36.Nge4 Qd4 37.h5 Ne3+
38.Kh3 Qd7+ 39.f5 Qd4 40.g6 hxg6 41.hxg6 Rc8 42.gxf7+ Kxf7 43.Ng5+ Kg8 44.Qh5 Rc7
45.Qh7+  1-0

[Event "Speed Chess GP4 2021"]
[Site "chess.com INT"]
[Date "2021.10.09"]
[Round "6"]
[White "Kamsky,G"]
[Black "Nakamura,Hi"]
[Result "0-1"]
[WhiteElo "2662"]
[BlackElo "2736"]

1.d4 d5 2.Bf4 Bf5 3.e3 e6 4.c4 Nf6 5.Nc3 Bd6 6.Bxd6 Qxd6 7.Qb3 b6 8.Nf3 O-O
9.Be2 a6 10.O-O Nbd7 11.Rac1 dxc4 12.Bxc4 b5 13.Be2 c5 14.dxc5 Nxc5 15.Qb4 Rfc8
16.a4 Qb6 17.axb5 Bd3 18.Na4 Qxb5 19.Qxb5 axb5 20.Nxc5 Bxe2 21.Rfe1 Bc4 22.Nb7 Ne4
23.Red1 Bd5 24.Rxc8+ Rxc8 25.Na5 Rc2 26.Rf1 Rxb2 27.Nd4 e5 28.Nf5 Kf8 29.f3 Nc3
30.Ra1 g6 31.Nd6 e4 32.f4 Re2 33.Nab7 b4 34.Nc5 b3  0-1

[Event "Speed Chess GP4 2021"]
[Site "chess.com INT"]
[Date "2021.10.09"]
[Round "7"]
[White "Nakamura,Hi"]
[Black "Savchenko,B"]
[Result "1-0"]
[WhiteElo "2736"]
[BlackElo "2535"]

1.e4 c5 2.Nf3 d6 3.Bb5+ Bd7 4.Bxd7+ Qxd7 5.O-O Nf6 6.Re1 Nc6 7.d3 e6 8.Nbd2 Be7
9.c3 O-O 10.Nf1 b5 11.d4 d5 12.Ne5 Qb7 13.Nxc6 Qxc6 14.e5 Ne8 15.Be3 a5 16.Qg4 f5
17.exf6 Nxf6 18.Qe2 Rae8 19.Nd2 Bd6 20.Nf3 Ne4 21.Rad1 b4 22.c4 cxd4 23.Bxd4 a4
24.Qd3 Bb8 25.cxd5 exd5 26.Be3 Rd8 27.Nd4 Qd6 28.g3 Qf6 29.f3 Nxg3 30.hxg3 Bxg3
31.Re2 Rde8 32.Rg2 Be5 33.b3 g6 34.Nc2 axb3 35.axb3 d4 36.Bxd4 Bxd4+ 37.Nxd4 Rd8
38.Rg4 Kh8 39.Qe3 Rfe8 40.Re4 Rxe4 41.Qxe4 Kg8 42.Kf2 Qb6 43.Kg2 Qc5 44.Rd3 Qc8
45.Ne2 Re8 46.Qd5+ Kh8 47.Qd4+ Kg8 48.Re3 Rd8 49.Qxb4 Qc2 50.Qc4+ Qxc4 51.bxc4 Rd2
52.Kf2 Rc2 53.Rc3  1-0

[Event "Speed Chess GP4 2021"]
[Site "chess.com INT"]
[Date "2021.10.09"]
[Round "8"]
[White "Yakubboev,Nodirbek"]
[Black "Nakamura,Hi"]
[Result "0-1"]
[WhiteElo "2621"]
[BlackElo "2736"]

1.d4 Nf6 2.c4 e6 3.Nf3 d5 4.Nc3 Be7 5.Bf4 O-O 6.e3 Nbd7 7.a3 c5 8.cxd5 Nxd5
9.Nxd5 exd5 10.dxc5 Nxc5 11.Be5 Bf5 12.Be2 Bf6 13.Bxf6 Qxf6 14.Qd4 Qd6 15.Rd1 Rfd8
16.b4 Ne6 17.Qe5 Qxe5 18.Nxe5 d4 19.O-O f6 20.Bd3 Bxd3 21.Nxd3 dxe3 22.fxe3 Rac8
23.Nf4 Ng5 24.Rxd8+ Rxd8 25.Rc1 Rd7 26.h4 Ne4 27.Rc4 f5 28.Rd4 Rxd4 29.exd4 Nc3
30.Kf2 Nb5 31.Ke3 Nxa3 32.d5 Nb5 33.Ne6 Kf7 34.Nd8+ Kf6 35.Nxb7 Ke5 36.Nc5 Kxd5
37.Kf4 Nd4 38.h5 Ne6+ 39.Nxe6 Kxe6 40.b5 Kf6 41.g4 fxg4 42.Kxg4 Ke5 43.Kg5 Kd5
44.Kf5 g6+ 45.hxg6 hxg6+ 46.Kxg6 Kc5 47.Kf5 Kxb5 48.Ke4 Kc4 49.Ke3 Kc3 50.Ke2 Kc2
51.Ke3 a5  0-1

[Event "Speed Chess GP4 2021"]
[Site "chess.com INT"]
[Date "2021.10.09"]
[Round "9"]
[White "Nakamura,Hi"]
[Black "Bortnyk,Olexandr"]
[Result "0-1"]
[WhiteElo "2736"]
[BlackElo "2604"]

1.Nf3 Nf6 2.b3 d5 3.Bb2 Bf5 4.g3 e6 5.Nh4 Be4 6.f3 Bg6 7.e3 c5 8.c4 Nc6 9.cxd5 Nxd5
10.Nxg6 hxg6 11.a3 Bd6 12.f4 g5 13.Bg2 gxf4 14.exf4 Bxf4 15.gxf4 Qh4+ 16.Kf1 Nxf4
17.Qf3 O-O-O 18.Qg3 Nxg2 19.Kxg2 Qe4+ 20.Qf3 Qg6+ 21.Qg3 Qc2 22.Bc3 Rh6 23.Qe3 Rg6+
24.Kf2 Rd5 25.a4 Rf5+ 26.Ke2 Rg2+  0-1

[Event "Speed Chess GP4 2021"]
[Site "chess.com INT"]
[Date "2021.10.09"]
[Round "10"]
[White "Demidov,M"]
[Black "Nakamura,Hi"]
[Result "0-1"]
[WhiteElo "2551"]
[BlackElo "2736"]

1.Nf3 d5 2.g3 g6 3.Bg2 Bg7 4.d4 Nd7 5.O-O Ngf6 6.Nbd2 Nb6 7.Re1 Bf5 8.Nh4 Be6
9.c3 O-O 10.h3 Rc8 11.b4 Bd7 12.a4 c6 13.a5 Na8 14.e4 dxe4 15.Nxe4 Nxe4 16.Rxe4 Nc7
17.Bg5 Be6 18.Qd2 Qd7 19.Rae1 Rfe8 20.Kh2 Rcd8 21.Nf3 f6 22.Bh6 Bd5 23.Rh4 Bh8
24.Qc2 Nb5 25.Bd2 Na3 26.Qd3 e5 27.dxe5 Bxf3 28.Rd4 Bd5 29.c4 Nxc4 30.e6 Qe7
31.Bxd5 cxd5 32.Rxd5 Rxd5 33.Qxd5 Nxd2 34.Qxd2 f5 35.Qd5 Bf6 36.b5 Rd8 37.Qc4 Rd2
38.Kg2 Kg7 39.b6 axb6 40.axb6 Rd6 41.Qb3 h5 42.h4 Rc6 43.Re2 Kh7 44.Re3 Rd6
45.Re2 Bg7 46.Re3 Bf8 47.Re2 Qf6 48.Qf3 Qg7 49.e7 Bxe7 50.Qxb7 Bf6 51.Qa6 Qd7
52.Qc4 Rxb6 53.Kh2 Rd6 54.Qf4 Bg7 55.Qf3 Re6 56.Rxe6 Qxe6 57.Qd3 Qe4 58.Qf1 Qf3
59.Qe1 f4 60.Kg1 fxg3 61.fxg3 Bd4+ 62.Kh2 Qf2+ 63.Qxf2 Bxf2 64.Kh3 Kg7 65.g4 hxg4+
66.Kxg4 Kh6 67.h5 g5 68.Kf3 Bb6 69.Kg4 Ba7 70.Kg3 Kxh5 71.Kh3 g4+ 72.Kg2 Kg5
73.Kg3 Bb8+ 74.Kg2 Kf4 75.Kf2 g3+ 76.Kg2 Kg4 77.Kg1 Kf3 78.Kf1 g2+ 79.Kg1 Ba7+
80.Kh2 g1=Q+ 81.Kh3 Qh1+  0-1

[Event "Chess Super League 2021"]
[Site "chess.com INT"]
[Date "2021.10.11"]
[Round "1.1"]
[White "Nakamura,Hi"]
[Black "Koneru,H"]
[Result "1-0"]
[WhiteElo "2736"]
[BlackElo "2586"]

1.Nf3 Nf6 2.b3 b6 3.Bb2 Bb7 4.g3 e6 5.Bg2 Be7 6.O-O O-O 7.c4 c5 8.d4 cxd4
9.Qxd4 Nc6 10.Qf4 d5 11.Rd1 Qb8 12.Ne5 Bd6 13.Nxc6 Bxc6 14.Qd2 Be5 15.Nc3 Rd8
16.cxd5 exd5 17.Rac1 h6 18.Nb1 Bb7 19.Bd4 Qd6 20.Nc3 Bxd4 21.Qxd4 Qe7 22.e3 Rac8
23.Nxd5 Bxd5 24.Rxc8 Rxc8 25.Bxd5 Nxd5 26.Qxd5 Rc2 27.Qd8+ Qxd8 28.Rxd8+ Kh7
29.Rd7 Rxa2 30.Rxf7 Ra3 31.Rb7 Kg6 32.h4 h5 33.Kg2 Kf6 34.Kf3 g6 35.Kf4 Rxb3
36.Rxa7 Rb5 37.e4 g5+ 38.hxg5+ Rxg5 39.Rf7+ Kxf7 40.Kxg5 Ke6 41.Kf4 Kd6 42.Ke3 Kc5
43.e5 Kd5 44.f4 b5 45.Kd3 b4 46.Kc2  1-0

[Event "Chess Super League 2021"]
[Site "chess.com INT"]
[Date "2021.10.12"]
[Round "2.3"]
[White "Nakamura,Hi"]
[Black "Radjabov,T"]
[Result "0-1"]
[WhiteElo "2736"]
[BlackElo "2763"]

1.d4 Nf6 2.Bg5 d5 3.Nd2 c6 4.e3 Bf5 5.c4 e6 6.Ne2 Nbd7 7.Nc3 Be7 8.Be2 a6
9.O-O O-O 10.Rc1 Rc8 11.c5 e5 12.b4 Re8 13.Nb3 Ne4 14.Bxe7 Qxe7 15.Nxe4 Bxe4
16.Bg4 Qg5 17.Nd2 Rcd8 18.Nxe4 dxe4 19.Rc4 f5 20.Bh3 Nf6 21.Qb3 Kh8 22.dxe5 Rxe5
23.a4 Red5 24.b5 axb5 25.axb5 Nd7 26.bxc6 bxc6 27.Rd4 Nxc5 28.Qc4 Rxd4 29.exd4 Nd3
30.Qe6 Rf8 31.Qxc6 e3 32.Qf3 Nxf2 33.Re1 f4 34.Be6 Qa5 35.Rb1 Qa7 36.Qd5 Qc7
37.Bf5 g6 38.Be6 Rd8 39.Qc5 Qd6 40.Qxd6 Rxd6 41.d5 Nd3 42.Kf1 Nc5 43.Rb4 g5
44.h4 h6 45.Bg4 Rxd5 46.hxg5 hxg5 47.Rb5 Kg7 48.g3 Kf6 49.Bf3 Re5 50.gxf4 gxf4
51.Rb4 Ne6 52.Rb8 Ra5 53.Bg4 Nd4 54.Rf8+ Kg5 55.Rg8+ Kh4  0-1

[Event "Chess Super League 2021"]
[Site "chess.com INT"]
[Date "2021.10.13"]
[Round "3.2"]
[White "Giri,A"]
[Black "Nakamura,Hi"]
[Result "1/2-1/2"]
[WhiteElo "2774"]
[BlackElo "2736"]

1.e4 e5 2.Nf3 Nc6 3.Bb5 Nf6 4.O-O Nxe4 5.d4 Nd6 6.Bxc6 dxc6 7.dxe5 Nf5 8.Qxd8+ Kxd8
9.h3 Bd7 10.Nc3 Kc8 11.g4 Ne7 12.Ng5 Be8 13.f4 f5 14.exf6 gxf6 15.Ne6 h5
16.f5 hxg4 17.hxg4 Rg8 18.Kf2 Bf7 19.Nxf8 Rxf8 20.Rh1 Nd5 21.Rh7 Bg8 22.Rg7 Nxc3
23.bxc3 b6 24.Bf4 Kb7 25.Rxc7+ Ka6 26.Re1 Bd5 27.Ree7 Rh8 28.c4 Bxc4 29.Rxc6 Bxa2
30.Rc3 Kb5 31.Ra3 Bd5 32.Raxa7 Rxa7 33.Rxa7 Rg8 34.Kg3 Be4 35.Rd7 Ka6 36.Rd6 Bxf5
37.Rxf6 Bxg4 38.Be3 Be6+ 39.Kf4 Re8 40.Bxb6 Kxb6 41.Ke5 Kc5 42.Rxe6 Rxe6+
43.Kxe6 Kc4 44.Ke5 Kc3 45.Ke6 Kxc2  1/2-1/2

[Event "Chess Super League 2021"]
[Site "chess.com INT"]
[Date "2021.10.14"]
[Round "4.2"]
[White "Nakamura,Hi"]
[Black "Wang Hao"]
[Result "1-0"]
[WhiteElo "2736"]
[BlackElo "2744"]

1.Nf3 d5 2.e3 Nf6 3.c4 e6 4.Nc3 Nbd7 5.cxd5 exd5 6.g3 Bd6 7.Bg2 O-O 8.O-O Re8
9.Qc2 c6 10.b3 b6 11.Bb2 Ba6 12.Rfd1 Rc8 13.d3 Bb7 14.e4 c5 15.Re1 a6 16.Nh4 d4
17.Nb1 Bf8 18.Nd2 b5 19.a4 Ne5 20.axb5 axb5 21.Nhf3 Nxf3+ 22.Bxf3 Nd7 23.Bg4 Rc7
24.f4 Nb6 25.Ba3 Bc8 26.Bxc8 Rxc8 27.Rac1 Qd7 28.Nf3 Rc7 29.Bb2 Rec8 30.Qf2 Qe6
31.Nd2 Qd7 32.Ra1 Ra7 33.Rxa7 Qxa7 34.Ra1 Qb7 35.Qf3 Ra8 36.Qd1 Rc8 37.Ra5 c4
38.Bxd4 cxd3 39.Nf3 d2 40.Nxd2 Rd8 41.Bf2 Qc6 42.Ra2 Bb4 43.Qc2 Qb7 44.Nf1 h6
45.Qe2 Nd7 46.Ra7 Qc6 47.Qd3 Bc5 48.Ra2 Bxf2+ 49.Rxf2 Rc8 50.e5 Nc5 51.Qc3 b4
52.Qc4 Ne4 53.Qxc6 Rxc6 54.Re2 Nc3 55.Rd2 Ra6 56.Rd8+ Kh7 57.Rb8 Ra1 58.Kg2 Nd5
59.Rb5 Rd1 60.f5 Rd3 61.Kf2 Ne7 62.e6 fxe6 63.fxe6 Nd5 64.Rxb4 Kg6 65.Rb7 Kf6
66.Rf7+ Kxe6 67.Rxg7 Rxb3 68.Rg6+ Kf5 69.Rxh6 Rb2+ 70.Kg1 Rb1 71.Rh8 Rb2
72.Rf8+ Nf6 73.Ne3+ Kg6 74.Rd8 Ne4 75.Rg8+ Kf6 76.Rf8+ Kg6 77.Ng4 Ng5 78.Nf2 Ne6
79.Ra8 Nc5 80.Ra3 Rc2 81.Rf3 Ne6 82.Kg2 Nd4 83.Rd3 Nf5 84.h3 Kf6 85.Kf3 Ke6
86.Ng4 Ra2 87.Ne3 Ne7 88.Rb3 Ng6 89.Ng4 Ra1 90.Rb6+ Kf7 91.Nh6+ Kg7 92.Nf5+ Kf7
93.Kg4 Ne5+ 94.Kh5 Ra5 95.g4 Nf3 96.Rd6 Rc5 97.Rd7+ Ke6 98.Rd3 Ne5 99.Rd6+ Kf7
100.g5  1-0

[Event "Chess Super League 2021"]
[Site "chess.com INT"]
[Date "2021.10.15"]
[Round "5.3"]
[White "Gupta,Ab"]
[Black "Nakamura,Hi"]
[Result "1-0"]
[WhiteElo "2628"]
[BlackElo "2736"]

1.d4 Nf6 2.c4 e6 3.Nf3 c5 4.d5 b5 5.Bg5 exd5 6.cxd5 d6 7.e3 Bd7 8.Nc3 a6
9.a4 bxa4 10.Be2 Be7 11.O-O Ra7 12.e4 O-O 13.h3 Rb7 14.Qd2 Bb5 15.Rfe1 Nbd7
16.Bf4 Qb8 17.Qc2 Re8 18.e5 dxe5 19.Nxe5 Bd6 20.Nc6 Qc7 21.Bxd6 Qxd6 22.Bxb5 axb5
23.Rxe8+ Nxe8 24.Qe2 Nc7 25.Re1 Kf8 26.Qe7+ Qxe7 27.Rxe7 Ne8 28.Ne4 Rc7 29.Ng5 Ndf6
30.Rxc7 Nxc7 31.d6 Ne6 32.Nxe6+ fxe6 33.Ne5 c4 34.Kf1 c3 35.bxc3 a3 36.d7 Ke7
37.Nc6+ Kxd7 38.Nb4 Nd5 39.Na2 Kd6 40.Ke2 Kc5 41.Kd2 Kc4 42.Kc2 b4 43.Nc1 bxc3  1-0

[Event "Speed Chess Super Swiss"]
[Site "chess.com INT"]
[Date "2021.10.16"]
[Round "1"]
[White "Nakamura,Hi"]
[Black "Yaksin,O"]
[Result "1-0"]
[WhiteElo "2736"]
[BlackElo "2388"]

1.Nf3 Nf6 2.b3 d5 3.Bb2 c6 4.e3 Bg4 5.h3 Bh5 6.d3 Nbd7 7.g4 Bg6 8.Nh4 e5
9.Nd2 Bd6 10.Bg2 Qc7 11.a3 a5 12.Qe2 O-O 13.O-O b5 14.Nxg6 fxg6 15.g5 Ne8
16.h4 Qd8 17.Bh3 Qe7 18.Qg4 Rd8 19.Qe6+ Kh8 20.Qxe7 Bxe7 21.Bxd7 Rxd7 22.Bxe5 Nd6
23.Bxd6 Bxd6 24.d4 h6 25.Kg2 Re7 26.c4 hxg5 27.c5 Bc7 28.hxg5 Rf5 29.Nf3 Re4
30.Rh1+ Kg8 31.Rh3 Rg4+ 32.Kf1 Re4 33.Ke2 Bf4 34.Rg1 Bc7 35.Nh4 Rf7 36.Nxg6 Rd7
37.Nh4 Kf7 38.Nf3 Re8 39.g6+ Kf6 40.Rh5 Rde7 41.Nh4 Ke6 42.Nf5 Rd7 43.Rg4 Rg8
44.Nh4 Rf8 45.f4 Rf6 46.f5+ Ke7 47.Rh7 Kd8 48.Rh8+ Ke7 49.Rg8  1-0

[Event "Speed Chess Super Swiss"]
[Site "chess.com INT"]
[Date "2021.10.16"]
[Round "2"]
[White "Kokarev,Dm"]
[Black "Nakamura,Hi"]
[Result "0-1"]
[WhiteElo "2579"]
[BlackElo "2736"]

1.e4 g6 2.d4 Bg7 3.Nc3 a6 4.h4 b5 5.h5 Bb7 6.h6 Bf8 7.Bd3 e6 8.Nf3 d6 9.Bg5 Be7
10.Qd2 Nd7 11.Ne2 Bxg5 12.Nxg5 Ngf6 13.Ng3 c5 14.c3 O-O 15.O-O Qb6 16.Nf3 cxd4
17.cxd4 e5 18.d5 b4 19.Rfc1 Nc5 20.Nh4 Kh8 21.Qg5 Ng8 22.Be2 Qd8 23.Qxd8 Rfxd8
24.Nf3 f6 25.Nd2 a5 26.Bb5 Ba6 27.Bxa6 Rxa6 28.Nc4 Nd3 29.Rc2 Nxh6 30.Ne2 Rc8
31.Rd1 Nxb2  0-1

[Event "Speed Chess Super Swiss"]
[Site "chess.com INT"]
[Date "2021.10.16"]
[Round "3"]
[White "Nakamura,Hi"]
[Black "Nesterov,Arseniy"]
[Result "1-0"]
[WhiteElo "2736"]
[BlackElo "2514"]

1.Nf3 d5 2.e3 Nf6 3.b3 Bf5 4.Bb2 e6 5.d4 Be7 6.Bd3 Bg6 7.Bxg6 hxg6 8.O-O O-O
9.c4 c6 10.Nc3 Nbd7 11.Qc2 Bd6 12.e4 dxe4 13.Nxe4 Nxe4 14.Qxe4 Nf6 15.Qe2 a5
16.a3 Qe7 17.Rfd1 Rfd8 18.Rd3 Rd7 19.g3 Rad8 20.Bc3 b6 21.c5 bxc5 22.Bxa5 Ra8
23.dxc5 Bxc5 24.Rxd7 Qxd7 25.b4 Bd6 26.Rc1 c5 27.bxc5 Rxa5 28.cxd6 Ne8 29.Qb2 Rb5
30.Qe2 Ra5 31.Qe1 Ra6 32.Ne5 Qxd6 33.Rc8 Qe7 34.Qb1 Kh7 35.Qb8 Qxa3 36.Rxe8 Kh6
37.Nxf7+ Kh5 38.Qb5+ Kg4 39.Qe2+ Kf5 40.Qe5+ Kg4 41.Qe4+ Kh3 42.Rh8+  1-0

[Event "Speed Chess Super Swiss"]
[Site "chess.com INT"]
[Date "2021.10.16"]
[Round "4"]
[White "Niemann,Hans Moke"]
[Black "Nakamura,Hi"]
[Result "0-1"]
[WhiteElo "2638"]
[BlackElo "2736"]

1.c4 e5 2.g3 Nf6 3.Bg2 d5 4.cxd5 Nxd5 5.Nf3 Nc6 6.O-O Nb6 7.b3 Bd6 8.Nc3 O-O
9.d4 Bb4 10.Bb2 Bxc3 11.Bxc3 e4 12.Ne5 f5 13.Nxc6 bxc6 14.Qc2 h6 15.f3 Nd5
16.Bd2 e3 17.Ba5 f4 18.Qxc6 Rb8 19.Rac1 Bb7 20.Qe6+ Kh8 21.Rc5 Rf6 22.Qe5 Qd7
23.Rfc1 Re8 24.Qh5 c6 25.Rxd5 cxd5 26.Rc7 Qb5 27.Rxb7 Qxa5 28.Qxe8+ Kh7 29.b4 Qxa2
30.Qb5 Qa1+ 31.Bf1 Qe1 32.Qd3+ Rg6 33.Kg2 Qf2+ 34.Kh3 Qxf1+ 35.Kh4 Qf2 36.Qf5 Qxh2+
37.Qh3 fxg3  0-1

[Event "Speed Chess Super Swiss"]
[Site "chess.com INT"]
[Date "2021.10.16"]
[Round "5"]
[White "Nakamura,Hi"]
[Black "Bortnyk,Olexandr"]
[Result "1/2-1/2"]
[WhiteElo "2736"]
[BlackElo "2604"]

1.Nf3 Nf6 2.b3 d5 3.Bb2 Bf5 4.g3 e6 5.Bg2 h6 6.Ne5 Nfd7 7.Nxd7 Nxd7 8.O-O c6
9.d3 Nf6 10.Nd2 Be7 11.e4 Bh7 12.Qe2 O-O 13.a3 a5 14.c4 dxc4 15.Nxc4 Bc5
16.Rfd1 Bd4 17.e5 Bxb2 18.Qxb2 Nd5 19.Nd6 Qb6 20.d4 Rad8 21.Bh3 Bg6 22.Rac1 Nc7
23.Rc5 Nb5 24.b4 Nxd6 25.exd6 axb4 26.Qxb4 Qxb4 27.axb4 Rxd6 28.b5 Rfd8 29.bxc6 bxc6
30.Bg2 Rxd4 31.Rxd4 Rxd4 32.Bxc6 Rd1+ 33.Kg2 Bd3 34.h4 g6 35.Bf3 Bf1+ 36.Kh2 Rd3
37.Be4 Rd4 38.Bb7 Kg7 39.Rc7 Bb5 40.Bf3 Rd2 41.Kg2 Kf6 42.Rc5 Bd3 43.Rc1 e5
44.Re1 Rb2 45.Be4 Bc4 46.Rc1 Be6 47.Rc6 Rd2 48.Rb6 Rd4 49.Bf3 g5 50.hxg5+ hxg5
51.Bb7 g4 52.Bc8 Kf5 53.Bxe6+ fxe6 54.Rb8 e4 55.Rf8+ Kg5 56.Rg8+ Kf5 57.Rf8+ Kg5
58.Rf4 e5 59.Rf8 e3 60.fxe3 Rd2+ 61.Kf1 Ra2 62.e4 Ra3 63.Rf5+ Kg6 64.Kf2 Ra2+
65.Kf1 Ra3 66.Rxe5 Rxg3 67.Kf2 Rf3+ 68.Kg2 Kf6 69.Re8 Re3 70.Kf2 Rf3+ 71.Ke2 Kf7
72.Re5 Rf4 73.Ke3 Rf3+ 74.Kd4 Kf6 75.Re8 Kf7 76.Rh8 g3 77.Rh4 Rf1 78.Rg4 Rg1
79.Ke3 Kf6 80.Kf4 Rf1+ 81.Ke3 Re1+ 82.Kf3 Rf1+ 83.Kg2 Re1 84.Kxg3 Rg1+ 85.Kf4 Rxg4+
86.Kxg4 Ke5 87.Kf3 Ke6 88.Ke3 Ke5 89.Kd3 Ke6 90.Kd4 Kd6 91.Ke3 Ke5 92.Kf3 Ke6
93.Kf4 Kf6 94.e5+ Ke6 95.Ke4 Ke7 96.Kd4 Ke6 97.Kd3 Ke7 98.Ke4 Ke6 99.Kf4 Ke7
100.Kf5 Kf7 101.Kg5 Ke6 102.Kf4 Ke7 103.Ke4 Ke6 104.Kd4 Ke7 105.Kd5 Kd7 106.e6+ Ke7
107.Ke5 Ke8 108.Kf4 Ke7 109.Kf5 Ke8 110.Kg6 Ke7 111.Kf5 Ke8 112.Kf6 Kf8 113.Ke5 Ke8
114.Kd4 Ke7 115.Kd5 Ke8 116.Kd6 Kd8 117.Kc6 Ke7 118.Kc5 Ke8 119.Kd5 Ke7 120.Ke4 Kd8
121.Ke5 Ke8  1/2-1/2

[Event "Speed Chess Super Swiss"]
[Site "chess.com INT"]
[Date "2021.10.16"]
[Round "6"]
[White "Sviridov,Va"]
[Black "Nakamura,Hi"]
[Result "0-1"]
[WhiteElo "2562"]
[BlackElo "2736"]

1.e4 c5 2.Nf3 d6 3.c3 Nf6 4.Bd3 Nc6 5.O-O Bg4 6.Bc2 g6 7.h3 Bxf3 8.Qxf3 Bg7
9.d3 O-O 10.Nd2 b5 11.Qe2 b4 12.Nc4 Nd7 13.Bd2 Nb6 14.Ne3 e6 15.f4 d5 16.f5 bxc3
17.bxc3 exf5 18.exf5 d4 19.f6 Bxf6 20.Ng4 Bg5 21.Bb3 Kg7 22.Kh1 f5 23.Ne5 Re8
24.Nxc6 Rxe2 25.Nxd8 Bxd2 26.Ne6+ Rxe6 27.cxd4 Rc6 28.Rad1 Bc3 29.dxc5 Rxc5
30.d4 Rc7 31.d5 Rd8 32.Rf3 Be5 33.Re3 Bd6 34.Re6 Re7 35.Rc1 Rxe6 36.dxe6 Kf6
37.a4 Bg3 38.a5 Nc8 39.Rc3 Be5 40.Rc1 Ne7 41.Re1 Rb8 42.Bc4 Rb4 43.Rc1 Ra4
44.g4 Ra1  0-1

[Event "Speed Chess Super Swiss"]
[Site "chess.com INT"]
[Date "2021.10.16"]
[Round "7"]
[White "Nakamura,Hi"]
[Black "Sarana,A"]
[Result "1/2-1/2"]
[WhiteElo "2736"]
[BlackElo "2649"]

1.e4 c5 2.Nf3 d6 3.d4 Nf6 4.dxc5 Nxe4 5.cxd6 Nc6 6.dxe7 Qxd1+ 7.Kxd1 Bxe7
8.Be3 O-O 9.Nbd2 Bf5 10.Nxe4 Bxe4 11.Bd3 Bxf3+ 12.gxf3 Rad8 13.Kd2 Nd4 14.f4 Nf3+
15.Ke2 Nd4+ 16.Kf1 Bc5 17.Kg2 Nxc2 18.Bxc5 Rxd3 19.Rac1 Rc8 20.Rxc2 b6 21.Rhc1 bxc5
22.Rxc5 Rf8 23.Ra5 Rd7 24.f5 g6 25.f6 Rb8 26.Rc4 h6 27.b3 Rb6 28.Rf4 g5 29.Rf3 Kh7
30.h4 gxh4 31.Rf4 Kg6 32.Rg4+ Kxf6 33.Rxh4 Kg7 34.Rha4 Rg6+ 35.Kf1 Rd1+ 36.Ke2 Rb1
37.Rxa7 Rb2+ 38.Ke3 Re6+ 39.Kd3 Rxf2 40.Rg4+ Kf6 41.b4 h5 42.Rg8 Rf3+ 43.Kc4 Rf4+
44.Kb5 h4 45.Rh8 Kg7 46.Raa8 Re5+ 47.Ka4 Re3 48.Rag8+ Kf6 49.Rh5 h3 50.Rgh8 Rff3
51.b5 Ra3+ 52.Kb4 Rxa2 53.Rxh3 Rb2+ 54.Ka5 Rxh3 55.Rxh3 Ke5 56.b6 f5 57.Rh4 f4
58.Rh5+ Kd4 59.Rf5 Ke4  1/2-1/2

[Event "Speed Chess Super Swiss"]
[Site "chess.com INT"]
[Date "2021.10.16"]
[Round "8"]
[White "Shimanov,A"]
[Black "Nakamura,Hi"]
[Result "0-1"]
[WhiteElo "2581"]
[BlackElo "2736"]

1.e4 c5 2.Nf3 d6 3.Bc4 Nf6 4.d3 e6 5.O-O d5 6.exd5 exd5 7.Bb5+ Bd7 8.Bxd7+ Nbxd7
9.d4 Be7 10.dxc5 Nxc5 11.Be3 O-O 12.Nc3 Ne6 13.Nd4 Re8 14.Re1 Bb4 15.Nxe6 fxe6
16.Bd4 Rc8 17.a3 Bd6 18.Nb5 a6 19.Nxd6 Qxd6 20.Be5 Qf8 21.c3 Nd7 22.Qd3 Qf5
23.Qg3 Re7 24.Bd6 Rf7 25.Re2 Rf6 26.Rae1 Rc4 27.f3 h5 28.Qf2 h4 29.h3 Rg6
30.Kh1 Rc6 31.Bh2 Qf6 32.Qa7 Nc5 33.Rd1 Kh7 34.Bg1 b6 35.Bd4 Qg5 36.Be3 Qf5
37.Bd4 Nd3 38.Be3 b5 39.Qb7 e5 40.Qe7 Rcf6 41.Red2 e4 42.fxe4 dxe4 43.Bd4 Re6
44.Qxh4+ Rh6 45.Qg3 Reg6 46.Qe3 Nf4 47.Rf2 Qh5 48.Rdf1 Ne6 49.Qxe4 Ng5 50.Qf5 Qh4
51.Be3 Ne4 52.Rf4 Ng3+ 53.Kh2 Nxf1+  0-1

[Event "Speed Chess Super Swiss"]
[Site "chess.com INT"]
[Date "2021.10.16"]
[Round "9"]
[White "Nakamura,Hi"]
[Black "Sjugirov,S"]
[Result "1-0"]
[WhiteElo "2736"]
[BlackElo "2663"]

1.Nf3 d5 2.e3 Nf6 3.d4 Bf5 4.c4 c6 5.Qb3 Qc7 6.Nc3 e6 7.Nh4 Bg6 8.Nxg6 hxg6
9.Bd2 Nbd7 10.cxd5 exd5 11.O-O-O a5 12.Kb1 Be7 13.f3 b5 14.e4 b4 15.Na4 dxe4
16.Bc4 O-O 17.Rhe1 e3 18.Bxe3 Bd6 19.g3 Rae8 20.Bf2 Qd8 21.Rxe8 Qxe8 22.Nc5 Bxc5
23.dxc5 Qe5 24.Qc2 Re8 25.Qxg6 Re7 26.Bd4 Qh5 27.Qxh5 Nxh5 28.Kc2 Nhf6 29.Kb3 Kh7
30.Ka4 g5 31.Kxa5 g4 32.fxg4 Nxg4 33.Kxb4 f5 34.a4 Nde5 35.a5 Rb7+ 36.Kc3 Nxc4
37.Kxc4 Kg6 38.a6 Ra7 39.Ra1 Nxh2 40.b4 Nf3 41.Bc3 Ng5 42.b5 cxb5+ 43.Kxb5 Ne4
44.Be5 Kf7 45.Bb8 Ra8 46.a7 Ke6 47.c6  1-0

[Event "Speed Chess Super Swiss"]
[Site "chess.com INT"]
[Date "2021.10.16"]
[Round "10"]
[White "Nakamura,Hi"]
[Black "Guseinov,G"]
[Result "1-0"]
[WhiteElo "2736"]
[BlackElo "2665"]

1.Nf3 g6 2.e4 c5 3.c3 d5 4.exd5 Qxd5 5.Na3 Bg7 6.d4 cxd4 7.Nb5 Na6 8.Nbxd4 Nf6
9.Be2 O-O 10.O-O Rd8 11.Re1 Nc5 12.Bf1 Ne6 13.Qe2 Nh5 14.Be3 Nxd4 15.Nxd4 e5
16.Nb5 Qe4 17.Nc7 Bd7 18.Nxa8 Rxa8 19.Rad1 Bc6 20.Qd2 Qf5 21.f3 Nf6 22.Bh6 Bh8
23.Bd3 e4 24.Bxe4 Bxe4 25.Qd8+  1-0

[Event "Speed Chess Super Swiss"]
[Site "chess.com INT"]
[Date "2021.10.16"]
[Round "11"]
[White "Zubov,A UKR"]
[Black "Nakamura,Hi"]
[Result "0-1"]
[WhiteElo "2598"]
[BlackElo "2736"]

1.d4 Nf6 2.c4 e6 3.Nf3 d5 4.Nc3 Be7 5.Bg5 h6 6.Bh4 O-O 7.e3 Nbd7 8.Rc1 c5
9.cxd5 Nxd5 10.Bxe7 Nxe7 11.Be2 b6 12.O-O Bb7 13.Qb3 Nf5 14.dxc5 Nxc5 15.Qa3 a5
16.Rfd1 Qe7 17.Nb5 Rad8 18.Nbd4 Nd6 19.b4 axb4 20.Qxb4 Qc7 21.Rb1 Nde4 22.Rdc1 e5
23.Qxb6 Qxb6 24.Rxb6 Rfe8 25.Nb3 Nxb3 26.axb3 Bd5 27.Rb5 g5 28.h3 Kg7 29.Bc4 Bxc4
30.bxc4 f6 31.c5 Rc8 32.c6 Re6 33.Rb4 f5 34.Rbc4 Rc7 35.g4 fxg4 36.hxg4 Nf6
37.Kg2 Kf7 38.Kg3 Ke7 39.Nd2 Kd6 40.Nb3 Ke7 41.Na5 Rd6 42.f3 Rd3 43.R1c3 Rd1
44.Rc5 Ke6 45.Nc4 Rd5 46.Nb6 Rxc5 47.Rxc5 Kd6 48.Ra5 Rxc6 49.Na4 Nd5 50.e4 Nf4
51.Kf2 Rc2+ 52.Kf1 Ra2 53.Ra6+ Ke7 54.Nc5 Rc2  0-1

[Event "Speed Chess Super Swiss"]
[Site "chess.com INT"]
[Date "2021.10.16"]
[Round "12"]
[White "Nakamura,Hi"]
[Black "Tasdogen,Dincer"]
[Result "1-0"]
[WhiteElo "2736"]
[BlackElo "2301"]

1.Nf3 g6 2.e4 Bg7 3.d4 c6 4.Bd3 d5 5.e5 Nh6 6.O-O O-O 7.Re1 f6 8.exf6 exf6
9.c3 Bg4 10.h3 Bxf3 11.Qxf3 Nf7 12.Nd2 Nd7 13.a4 f5 14.Nb3 Nd6 15.Qd1 Qf6
16.Bf4 Rae8 17.Rxe8 Rxe8 18.f3 Qf8 19.Qd2 Nb6 20.Na5 Nbc4 21.Nxc4 Nxc4 22.Bxc4 dxc4
23.Re1 Kf7 24.Rxe8 Qxe8 25.d5 Be5 26.Be3 Qd7 27.Bxa7 cxd5 28.Bf2 Bf6 29.g3 Ke6
30.Qe2+ Kf7 31.Qd1 Qc6 32.Kg2 Ke6 33.a5 Qb5 34.Qe2+ Kf7 35.Bb6 Qd7 36.Qd2 Qe6
37.Bf2 h5 38.Qf4 Qe5 39.Qh6 Bg7 40.Qd2 Bf6 41.Qd1 Qe6 42.Qa4 Qe8 43.Qb4 Qc6
44.Bc5 Ke6 45.Bf8 Kf7 46.Bc5 Ke6 47.Qa3 Kf7 48.Bf2 Be7 49.Qa1 Bc5 50.Be1 d4
51.cxd4 Bxd4 52.Qc1 Qe6 53.Qd2 Qe3 54.Qxe3 Bxe3 55.Bc3 Ke6 56.Kf1 Kd5 57.Ke2 Bd4
58.Kd2 Kc5 59.Kc2 Bxc3 60.Kxc3 Kb5 61.Kd4 Kb4 62.Kd5 Kb3 63.Kc5 g5 64.g4 fxg4
65.fxg4 hxg4 66.hxg4 c3 67.bxc3 Kxc3 68.Kb6 Kb4 69.Kxb7 Kxa5 70.Kc6 Ka6 71.Kd6 Kb6
72.Kd7 Kc5 73.Ke7 Kd5 74.Kf6 Kd6 75.Kf7 Ke5 76.Kg6 Ke6 77.Kg7 Ke7 78.Kg8 Kf6
79.Kh7 Kf7 80.Kh6 Kf6 81.Kh5 Kf7 82.Kxg5 Kg7 83.Kf5 Kf7 84.Kf4 Kg7 85.Kg5 Kg8
86.Kg6 Kf8 87.Kh7 Kf7 88.g5 Kf8 89.g6 Ke8 90.g7  1-0

[Event "Speed Chess Super Swiss"]
[Site "chess.com INT"]
[Date "2021.10.16"]
[Round "13"]
[White "Bok,B"]
[Black "Nakamura,Hi"]
[Result "1/2-1/2"]
[WhiteElo "2619"]
[BlackElo "2736"]

1.d4 Nf6 2.c4 e6 3.Nc3 Bb4 4.Qc2 O-O 5.e4 d5 6.e5 Ne4 7.Bd3 c5 8.Nf3 cxd4
9.Nxd4 Nd7 10.Bf4 Qh4 11.g3 Qh5 12.O-O g5 13.cxd5 Bxc3 14.bxc3 gxf4 15.Bxe4 exd5
16.Bf3 Qxe5 17.Rfe1 Qg5 18.Qf5 Qxf5 19.Nxf5 fxg3 20.hxg3 Nf6 21.Ne7+ Kg7
22.Nxd5 Rb8 23.Re7 Bg4 24.Bxg4 Nxd5 25.Rd7 Nf6 26.Rd4 Rfd8 27.Rad1 Rxd4 28.Rxd4 b6
29.Ra4 Rb7 30.Bf3 Rc7 31.Kg2 h6 32.g4 Nd7 33.Ra3 Ne5 34.Be2 Nd7 35.f4 Nc5
36.Bf3 Rd7 37.Kg3 a5 38.c4 Rd2 39.Bd5 Rc2 40.Re3 Kf8 41.a3 Ra2 42.g5 hxg5
43.fxg5 Rb2 44.Rf3 Rb3 45.Rxb3 Nxb3 46.Kf4 Ke7 47.Ke5 Nc5 48.Kf5 Nd7 49.Bf3 Nc5
50.Bd5 Nd3 51.Be4 Nb2 52.Bd5 Na4 53.Ke5 Nc5 54.Kf5  1/2-1/2